MARC

LEADER 00000nam0a2200000 4500
001 151338
005 20231031150619.0
035 |a (RuTPU)RU\TPU\book\164082 
090 |a 151338 
100 |a 20090122d1946 km y0rusy50 ca 
101 0 |a rus 
102 |a RU 
105 |a a z 001zb 
200 1 |a Карпинский и современность  |f Б. Л. Личков  |g Академия наук СССР (АН СССР) 
210 |a Москва  |c Изд-во АН СССР  |d 1946  |a Ленинград 
215 |a 74 с.  |c ил. 
225 1 |a Научно-популярная серия 
320 |a Библиогр.: с. 71-73. 
600 1 |a Карпинский  |b А. П.  |c российский ученый  |c геолог  |f 1846/1847-1936  |g Александр Петрович  |c академик АН СССР  |2 stltpush  |3 (RuTPU)RU\TPU\pers\13364 
610 1 |a тектоника 
610 1 |a палеогеография 
610 1 |a стратиграфия 
610 1 |a геология 
610 1 |a идеи 
610 1 |a рудные полезные ископаемые 
675 |a 55(092)  |v 3 
700 1 |a Личков  |b Б. Л. 
712 0 2 |a Академия наук СССР (АН СССР)  |2 stltpush  |3 (RuTPU)RU\TPU\col\722 
801 1 |a RU  |b 63413507  |c 20090122  |g PSBO 
801 2 |a RU  |b 63413507  |c 20160929  |g PSBO 
942 |c BK